000
00248nam a2200109Ia 4500
008
260210s9999 xx 000 0 und d
020
_a
97875609460301
100
_a
Hustp
245
0
_a
Vogue Design II: Club (P/B)
260
_b
Hustp
942
_c
BDES
999
_c
14140
_d
14140